Statistics for 10 Northernmost Countries in Africa

Click here to take the quiz!

General Stats

  • This quiz has been taken 48,957 times
  • The average score is 9 of 10

Answer Stats

Latitude Country % Correct
31°36'NEgypt
99%
35°55'NMorocco
98%
37°05'NAlgeria
97%
33°10'NLibya
96%
37°31'NTunisia
95%
22°12'NSudan
92%
23°26'NChad
88%
25°00'NMali
85%
23°31'NNiger
85%
27°19'NMauritania
80%

Score Distribution

Percentile by Number Answered

Percent of People with Each Score

Your Score History

You have not taken this quiz